| 000 | 00998nam a2200265Ia 4500 | ||
|---|---|---|---|
| 005 | 20140903173616.0 | ||
| 008 | 130821s2005 sp a gr spa | ||
| 020 | _a8483066211 | ||
| 040 |
_aCO-BoUCM _bspa _cJavier Garzón (modificó) _dHenry Ríos (modificó) |
||
| 041 | 0 | 0 | _aspa |
| 100 | 1 |
_aBhagwati, Jagdish _d1934- _931617 |
|
| 245 | 1 | 0 |
_aEn defensa de la globalización el rostro humano de un mundo global _cJagdish Bhagwati ; traducción de Verónica Canales Medina |
| 260 |
_aBarcelona (España) _bDebate _c2005 |
||
| 300 |
_a460 páginas _bilustraciones |
||
| 490 | 0 | _aArena Abierta | |
| 500 | _aIncluye índice | ||
| 650 | 7 |
_aDesarrollo económico _vAspectos sociales _912956 |
|
| 650 | 7 |
_aGlobalización _9216 |
|
| 650 | 7 |
_aGlobalización _vAspectos sociales _9216 |
|
| 690 | _aGlobalización | ||
| 700 | 1 |
_aCanales Medina, Verónica _etraductor _931618 |
|
| 765 | 0 | _tIn defense of globalization | |
| 942 |
_cLIBRO _a7 _e1 _mB575e _2DEWEY _h337 |
||
| 999 |
_c51705 _d51705 |
||